| 000 | 00777cam a2200217La 4500 | ||
|---|---|---|---|
| 020 | _a9780071353465 | ||
| 020 | _a9780070144811 | ||
| 082 | 4 |
_a005.133 _bHUB/PR |
|
| 100 | 1 | _aHubbard, J. R. | |
| 245 | 1 | 0 | _aProgramming with C++ |
| 260 |
_aNew Delhi _bTata McGraw-Hill Education Private Limited _c2009 |
||
| 300 |
_avi, 169 p. : _bill. ; |
||
| 490 | 1 | _aSchaum's outline series | |
| 500 | _a"Based on Schaum's outline of programming with C++." | ||
| 500 | _aIncludes index. | ||
| 520 | _aA crash course that includes fully solved problems for every topic, expert tips for mastering Programming with C++, and all you need to know to pass the course. | ||
| 650 | 0 | _aC++ (Computer program language) | |
| 700 | 1 | _aKahate, Atul | |
| 700 | 1 | _aBaxter, Anthony Q. | |
| 942 | _cBK | ||
| 999 |
_c13689 _d13689 |
||